000 01933nam a2200241Ia 4500
003 Ost
005 20260507074926.0
008 260507s9999||||xx |||||||||||||| ||und||
040 _cfsecg
041 _aara
082 _a330.121
100 _aالعجلوني، محمد محمود
_eمؤلف
245 0 _aالبنوك الإسلامية :
_bأحكامها ومبادئها وتطبيقاتها المصرفية /
_c محمد محمود العجلوني
260 _aعمان:
_bدار المسيرة,
_c2008
300 _a490 صفحة؛
_bإيضاحات ؛
_c25 سم
504 _aببليوغرافيا: ص.475
520 _aمقدمة حول معدل الربح وسعر الفائدة، تطور تجربة الائتمان المصرفي عبر العصور، النظام المصرفي الاسلامي الأسس والخصائص والأهداف الأدوات، البنوك الاسلامية المفهوم والاهداف والمسؤوليات والخصائص، تأسيس وادارة البنوك الاسلامية، العوامل المؤثرة في الأعمال المصرفية للبنوك الاسلامية، مصادر أموال البنوك الاسلامية، توظيف أموال البنوك الاسلامية، الخدمات المصرفية لدى البنوك الاسلامية، الخدمات الاجتماعية للبنوك الاسلامية، اسس توظيف الأموال في البنوك الاسلامية، تقييم اداء البنوك الاسلامية وتحليل بياناتها المالية، المخاطر التي تتعرض لها البنوك الاسلامية، اسس توزيع الارباح في البنوك الاسلامية
653 _aالاقتصاد الاسلامي
653 _aالبنوك الاسلامية
653 _aالخدمات الاجتماعية
653 _aالخدمات المصرفية
942 _cكتاب
999 _c41828
_d41828